| 000 | 01731nam a22004577a 4500 | ||
|---|---|---|---|
| 001 | 000095655 | ||
| 003 | CHAP | ||
| 005 | 20220817044110.0 | ||
| 008 | 060428d2006 mx bd r 00110 spa d | ||
| 010 | _a92121 | ||
| 011 | _a93093 | ||
| 035 | _a103664 | ||
| 040 | _cCHAP | ||
| 090 | _aTesis | ||
| 100 | 1 |
_aDomínguez Carrillo, Adalberto. _933785 |
|
| 245 | 1 | 3 |
_aLa utilización de madera de hule, (Hevea brasiliensis Muell Arg.) en el estado de Veracruz / _c/por Adalberto Domínguez Carrillo. |
| 260 |
_aChapingo, Méx. : _bEl autor, _c2006. |
||
| 300 |
_a89 h. : _bgráfs. ; mapas ; cuadros. |
||
| 502 | _aTesis ( Ing. Forestal con Orientación en Evaluación y Abastecimiento) -- UACH. División de Ciencias Forestales | ||
| 590 |
_aALEPH _b10 _c20130110 _lUCH01 _h1511 |
||
| 590 |
_aBATCH-UPD _b10 _c20130110 _lUCH01 _h1609 |
||
| 590 |
_aBATCH-UPD _b10 _c20130410 _lUCH01 _h1005 |
||
| 590 |
_aBATCH-UPD _b10 _c20130914 _lUCH01 _h0723 |
||
| 590 |
_aBATCH-UPD _b10 _c20140324 _lUCH01 _h1456 |
||
| 590 |
_aBATCH-UPD _b10 _c20141002 _lUCH01 _h0830 |
||
| 590 |
_aCONVERSION _b10 _c20130109 _lUCH01 _h1351 |
||
| 590 |
_aE11695DGD _b10 _c20130604 _lUCH01 _h0921 |
||
| 650 | 1 | 4 |
_aÁrboles _xVeracruz. _96657 |
| 650 | 1 | 4 |
_aBosques _zVeracruz. _914423 |
| 650 | 1 | 4 | _aHevea brasiliensis. |
| 650 | 1 | 4 |
_aMadera aserrada. _969637 |
| 650 | 1 | 4 |
_aMadera _xMercadeo. _969612 |
| 650 | 1 | 4 |
_aMadera _xPropiedades y usos. _969621 |
| 856 |
_3Finding aid _uhttp://10.13.5.2/tesis/103664.pdf _zTeclea aquí |
||
| 901 | _aBK | ||
| 905 | _aMarco A. Mendoza T. | ||
| 942 | _cCD | ||
| 942 | _n0 | ||
| 949 |
_aTesis _bBC _cTES _d00000001036641 _eTS1 _gDonaciØn _h45087 _i103664 _sb |
||
| 949 |
_aTesis _bBC _cTES _d33724000998027 _eTS2 _fc.2 _gDonaciØn _h45088 _i103664 _sb |
||
| 999 |
_c92121 _d92121 |
||